[Event "FICGS class M 000117 email"]
[Site "FICGS email"]
[Date "2023.02.01"]
[Round "1"]
[White "Cirulis, Ilmars"]
[Black "Hallqvist, Niklas"]
[Result "1/2-1/2"]
[WhiteElo "2240"]
[BlackElo "2248"]
[PlyCount "57"]
[EventDate "2023.??.??"]
[EventType "tourn (corr)"]
[EventRounds "6"]
[SourceTitle "Corr 2024"]
[Source "ChessBase"]
[SourceDate "2023.10.19"]
[SourceVersion "1"]
[SourceVersionDate "2023.10.19"]
[SourceQuality "1"]

1. f4 c5 2. e4 g6 3. d3 Bg7 4. Nf3 Nc6 5. Be2 Rb8 6. 0-0 b5 7. a3 d6 8. Qe1 a5 9. h3 e6 10. c3 Nge7 11. Be3 0-0 12. Nbd2 Qc7 13. Qf2 b4 14. axb4 axb4 15. Rfc1 Bb7 16. Nc4 bxc3 17. bxc3 Ra8 18. e5 Rxa1 19. Rxa1 dxe5 20. fxe5 Nd5 21. Bxc5 Ra8 22. Rxa8+ Bxa8 23. d4 Nxc3 24. Bd3 h6 25. Nb6 Qd8 26. Qc2 Nd5 27. Nxd5 Qxd5 28. Be4 Qd7 29. Qa4 1/2-1/2

[Event "FICGS class A 000264 email"]
[Site "FICGS email"]
[Date "2022.12.13"]
[Round "1"]
[White "Wilson, Norman"]
[Black "Hallqvist, Niklas"]
[Result "0-1"]
[WhiteElo "2143"]
[BlackElo "2248"]
[PlyCount "40"]
[EventDate "2022.??.??"]
[EventType "tourn (corr)"]
[EventRounds "6"]
[SourceTitle "Corr 2024"]
[Source "ChessBase"]
[SourceDate "2023.10.19"]
[SourceVersion "1"]
[SourceVersionDate "2023.10.19"]
[SourceQuality "1"]

1. d4 e6 2. c4 b6 3. Nf3 Bb7 4. Nc3 Bb4 5. e3 Bxc3+ 6. bxc3 c5 7. dxc5 bxc5 8. Qd6 Qe7 9. Qg3 Nf6 10. Qxg7 Rg8 11. Qh6 Rg6 12. Qh4 d6 13. Rb1 Bc6 14. Rb3 Nbd7 15. Qh3 Ne4 16. Qxh7 Qf6 17. Qh4 Qg7 18. h3 Rxg2 19. Rh2 Rg6 20. Bb2 Ne5 0-1

[Event "FICGS rapid M 000139 email"]
[Site "FICGS email"]
[Date "2022.12.04"]
[Round "1"]
[White "Hallqvist, Niklas"]
[Black "Dialfonso, Darren"]
[Result "1/2-1/2"]
[WhiteElo "2248"]
[BlackElo "2207"]
[PlyCount "60"]
[EventDate "2022.??.??"]
[EventType "tourn (rapid)"]
[EventRounds "6"]
[SourceTitle "Corr 2024"]
[Source "ChessBase"]
[SourceDate "2023.10.19"]
[SourceVersion "1"]
[SourceVersionDate "2023.10.19"]
[SourceQuality "1"]

1. d4 Nf6 2. c4 e6 3. g3 Bb4+ 4. Nd2 d5 5. Bg2 0-0 6. Ngf3 dxc4 7. a3 Bxd2+ 8. Bxd2 Nc6 9. e3 b5 10. 0-0 Bb7 11. b3 Ne7 12. bxc4 bxc4 13. Qc2 Bd5 14. Bb4 c5 15. Bxc5 Ne4 16. Rfc1 f5 17. Qa4 Nxc5 18. dxc5 Rc8 19. Qxa7 Nc6 20. Qb6 Qf6 21. Rab1 Rb8 22. Qc7 Rbd8 23. Nd4 Rc8 24. Qb6 f4 25. Bxd5 exd5 26. Qb2 Nxd4 27. Qxd4 fxg3 28. fxg3 Qf2+ 29. Kh1 Qf3+ 30. Kg1 Qf2+ 1/2-1/2

[Event "FICGS rapid M 000139 email"]
[Site "FICGS email"]
[Date "2022.12.04"]
[Round "1"]
[White "Wilson, Norman"]
[Black "Hallqvist, Niklas"]
[Result "0-1"]
[WhiteElo "2143"]
[BlackElo "2248"]
[PlyCount "60"]
[EventDate "2022.??.??"]
[EventType "tourn (rapid)"]
[EventRounds "6"]
[SourceTitle "Corr 2024"]
[Source "ChessBase"]
[SourceDate "2023.10.19"]
[SourceVersion "1"]
[SourceVersionDate "2023.10.19"]
[SourceQuality "1"]

1. e4 e6 2. d4 d5 3. Nc3 Bb4 4. e5 c5 5. Bd2 Ne7 6. Nb5 Bxd2+ 7. Qxd2 0-0 8. dxc5 Nd7 9. Qc3 b6 10. c6 Nc5 11. Nf3 f6 12. c7 Qd7 13. exf6 gxf6 14. Qb4 a6 15. Nc3 Qxc7 16. Rd1 Kh8 17. Qh4 Bb7 18. Bd3 Rf7 19. 0-0 e5 20. Bxh7 Rxh7 21. Qxf6+ Rg7 22. Qh6+ Kg8 23. b4 Rf8 24. bxc5 Rxf3 25. Rd3 Rg6 26. Qxg6+ Nxg6 27. Rxf3 Qxc5 28. Rg3 Kf7 29. Rf3+ Nf4 30. Ne2 d4 0-1

[Event "FICGS W-ch st1 g04 email"]
[Site "FICGS email"]
[Date "2022.11.02"]
[Round "1"]
[White "Hallqvist, Niklas"]
[Black "Mach, Jiri"]
[Result "1/2-1/2"]
[WhiteElo "2248"]
[BlackElo "1942"]
[PlyCount "125"]
[EventDate "2022.??.??"]
[EventType "tourn (corr)"]
[EventRounds "6"]
[SourceTitle "Corr 2024"]
[Source "ChessBase"]
[SourceDate "2023.10.19"]
[SourceVersion "1"]
[SourceVersionDate "2023.10.19"]
[SourceQuality "1"]

1. d4 Nf6 2. c4 e6 3. Nf3 Bb4+ 4. Bd2 Qe7 5. e3 b6 6. Bd3 Bb7 7. Nc3 0-0 8. 0-0 d6 9. a3 Bxc3 10. Bxc3 Ne4 11. Be1 f5 12. Qc2 c5 13. b4 Nc6 14. b5 Nb8 15. a4 Nd7 16. a5 a6 17. bxa6 Rxa6 18. Rb1 Rb8 19. axb6 Qf6 20. Rb2 h6 21. Ra2 Rxa2 22. Qxa2 Ra8 23. Qc2 Nxb6 24. Qb1 Qd8 25. Nh4 Ba6 26. f3 Nf6 27. d5 Nxc4 28. dxe6 Nxe3 29. Bxa6 Rxa6 30. Nxf5 Nxf5 31. Qxf5 Ra1 32. Bh4 Rxf1+ 33. Kxf1 Qf8 34. Kg1 Ne8 35. Qg6 c4 36. h3 d5 37. Kf1 c3 38. Be1 d4 39. Bg3 Qe7 40. Be5 Qd8 41. Qf7+ Kh7 42. e7 Qc8 43. Ke2 Qa6+ 44. Kf2 Qd3 45. Qxe8 Qe3+ 46. Kg3 Qxe5+ 47. f4 Qe3+ 48. Kg4 Qe2+ 49. Kf5 Qxg2 50. Qf7 Qxh3+ 51. Ke4 Qe3+ 52. Kd5 c2 53. Qf5+ Kg8 54. Qf8+ Kh7 55. Qf5+ Kg8 56. Qc8+ Kh7 57. Qxc2+ d3 58. Qc5 Qe2 59. Kd6 Qe4 60. Qe5 Qxe5+ 61. fxe5 d2 62. e8Q d1Q+ 63. Ke6 1/2-1/2

[Event "FICGS class A 000263 email"]
[Site "FICGS email"]
[Date "2022.10.19"]
[Round "1"]
[White "Droin, Augustin"]
[Black "Hallqvist, Niklas"]
[Result "0-1"]
[WhiteElo "2000"]
[BlackElo "2243"]
[PlyCount "26"]
[EventDate "2022.??.??"]
[EventType "tourn (corr)"]
[EventRounds "6"]
[SourceTitle "Corr 2024"]
[Source "ChessBase"]
[SourceDate "2023.10.19"]
[SourceVersion "1"]
[SourceVersionDate "2023.10.19"]
[SourceQuality "1"]

1. e4 e6 2. d4 d5 3. Nc3 Bb4 4. Nge2 dxe4 5. a3 Bxc3+ 6. Nxc3 Nc6 7. Bf4 Nf6 8. Bb5 Nd5 9. Bd2 Nxc3 10. Bxc6+ bxc6 11. Bxc3 Ba6 12. Qd2 Qd5 13. 0-0-0 0-0-0 0-1

[Event "FICGS class M 000110 email"]
[Site "FICGS email"]
[Date "2022.10.14"]
[Round "1"]
[White "Hallqvist, Niklas"]
[Black "Ozen, Bahadir"]
[Result "1/2-1/2"]
[WhiteElo "2243"]
[BlackElo "2254"]
[PlyCount "50"]
[EventDate "2022.??.??"]
[EventType "tourn (corr)"]
[EventRounds "6"]
[SourceTitle "Corr 2024"]
[Source "ChessBase"]
[SourceDate "2023.10.19"]
[SourceVersion "1"]
[SourceVersionDate "2023.10.19"]
[SourceQuality "1"]

1. d4 Nf6 2. c4 e6 3. Nf3 d5 4. g3 Bb4+ 5. Bd2 Be7 6. Bg2 0-0 7. Qc2 c6 8. 0-0 b6 9. Ne5 Bb7 10. Rd1 Nbd7 11. cxd5 cxd5 12. Nc6 Bxc6 13. Qxc6 Rc8 14. Qb5 Ne8 15. e3 Nd6 16. Qe2 f5 17. Be1 Nf6 18. Nd2 Qc7 19. Nf3 Nf7 20. Bd2 g5 21. Ne1 Bd6 22. Nd3 Qe7 23. a3 a5 24. h3 h5 25. Rdc1 Kg7 1/2-1/2

[Event "FICGS class M 000110 email"]
[Site "FICGS email"]
[Date "2022.10.14"]
[Round "1"]
[White "Swiatek, Janusz"]
[Black "Hallqvist, Niklas"]
[Result "1/2-1/2"]
[WhiteElo "2205"]
[BlackElo "2243"]
[PlyCount "51"]
[EventDate "2022.??.??"]
[EventType "tourn (corr)"]
[EventRounds "6"]
[SourceTitle "Corr 2024"]
[Source "ChessBase"]
[SourceDate "2023.10.19"]
[SourceVersion "1"]
[SourceVersionDate "2023.10.19"]
[SourceQuality "1"]

1. e4 e6 2. d4 d5 3. Nc3 Bb4 4. e5 c5 5. a3 Bxc3+ 6. bxc3 Ne7 7. Qg4 cxd4 8. Qxg7 Rg8 9. Qxh7 Qc7 10. Ne2 dxc3 11. f4 Nbc6 12. Qd3 d4 13. Nxd4 Nxd4 14. Qxd4 Bd7 15. Rg1 Nf5 16. Qf2 Qc6 17. Bd3 Qd5 18. Rb1 Bc6 19. Rb3 0-0-0 20. Rxc3 Kb8 21. g4 Nd4 22. Rg3 Qh1+ 23. Bf1 b6 24. Bb2 Be4 25. h3 Rh8 26. Bc1 1/2-1/2

[Event "FICGS rapid A 000288 email"]
[Site "FICGS email"]
[Date "2022.10.07"]
[Round "1"]
[White "Swiatek, Janusz"]
[Black "Hallqvist, Niklas"]
[Result "1/2-1/2"]
[WhiteElo "2205"]
[BlackElo "2243"]
[PlyCount "79"]
[EventDate "2022.??.??"]
[EventType "tourn (rapid)"]
[EventRounds "6"]
[SourceTitle "Corr 2024"]
[Source "ChessBase"]
[SourceDate "2023.10.19"]
[SourceVersion "1"]
[SourceVersionDate "2023.10.19"]
[SourceQuality "1"]

1. d4 e6 2. Nc3 d5 3. e4 Bb4 4. e5 c5 5. a3 Bxc3+ 6. bxc3 Ne7 7. Qg4 cxd4 8. Qxg7 Rg8 9. Qxh7 Qc7 10. Ne2 dxc3 11. f4 Nbc6 12. Qd3 d4 13. Nxd4 Nxd4 14. Qxd4 Bd7 15. Rg1 Nf5 16. Qf2 Qc6 17. Bd3 Qd5 18. Rb1 Bc6 19. Rb3 0-0-0 20. Rxc3 Kb8 21. g4 Nd4 22. Rg3 Qh1+ 23. Bf1 b6 24. Bb2 Be4 25. h3 Rh8 26. Bc1 Rd7 27. Rg1 Nf3+ 28. Rxf3 Qxf3 29. Qxf3 Bxf3 30. Bd2 a5 31. Rg3 Rhd8 32. Bxa5 bxa5 33. Rxf3 Rd2 34. Rf2 Rd1+ 35. Ke2 R8d2+ 36. Ke3 Rxf2 37. Kxf2 Rd2+ 38. Be2 Rxc2 39. h4 Kc7 40. h5 1/2-1/2

[Event "FICGS rapid M 000137 email"]
[Site "FICGS email"]
[Date "2022.10.03"]
[Round "1"]
[White "Ozen, Bahadir"]
[Black "Hallqvist, Niklas"]
[Result "1/2-1/2"]
[WhiteElo "2254"]
[BlackElo "2243"]
[PlyCount "45"]
[EventDate "2022.??.??"]
[EventType "tourn (rapid)"]
[EventRounds "6"]
[SourceTitle "Corr 2024"]
[Source "ChessBase"]
[SourceDate "2023.10.19"]
[SourceVersion "1"]
[SourceVersionDate "2023.10.19"]
[SourceQuality "1"]

1. Nf3 c5 2. c4 Nc6 3. Nc3 g6 4. e3 Nf6 5. d4 cxd4 6. exd4 d5 7. cxd5 Nxd5 8. Qb3 e6 9. Bb5 Bg7 10. 0-0 0-0 11. Bxc6 bxc6 12. Re1 Qc7 13. Bd2 Rb8 14. Nxd5 cxd5 15. Qa3 Rb7 16. Bb4 Re8 17. Bd6 Qb6 18. b3 f6 19. Bc5 Qc7 20. Rac1 Qd7 21. b4 e5 22. dxe5 fxe5 23. Qe3 1/2-1/2

[Event "FICGS class M 000104 email"]
[Site "FICGS email"]
[Date "2022.07.13"]
[Round "1"]
[White "Hallqvist, Niklas"]
[Black "Tabudlong, Ronnie"]
[Result "1/2-1/2"]
[WhiteElo "2231"]
[BlackElo "2207"]
[PlyCount "127"]
[EventDate "2022.??.??"]
[EventType "tourn (corr)"]
[EventRounds "6"]
[SourceTitle "Corr 2024"]
[Source "ChessBase"]
[SourceDate "2023.10.19"]
[SourceVersion "1"]
[SourceVersionDate "2023.10.19"]
[SourceQuality "1"]

1. c4 e5 2. g3 Nf6 3. Bg2 d5 4. cxd5 Nxd5 5. Nc3 Nb6 6. Nf3 Nc6 7. 0-0 Be7 8. a3 0-0 9. b4 Be6 10. b5 Nd4 11. Rb1 f6 12. e3 Nxf3+ 13. Bxf3 Qc8 14. a4 a5 15. bxa6 Rxa6 16. d4 Kh8 17. Re1 Bf5 18. Ra1 Bb4 19. Bd2 Nc4 20. Qe2 Bxc3 21. Bxc3 e4 22. Bg2 Nb6 23. Rec1 Nd5 24. a5 Qe6 25. Qb5 Rb8 26. Bd2 h6 27. Rab1 Rd6 28. Qc5 b6 29. Qc2 Ra8 30. Ra1 Re8 31. a6 Ra8 32. a7 Bg6 33. h3 c6 34. Ra6 Kh7 35. Qb3 Qc8 36. Bb4 Rd7 37. Bf1 Qb7 38. Ra3 Bf7 39. Ba6 Qc7 40. Bb5 Qd8 41. Bxc6 Rc7 42. Qc2 Bg6 43. Qb3 Bf7 44. Qb1 Qc8 45. Qc2 Raxa7 46. Rxa7 Rxa7 47. g4 Qe6 48. Bxd5 Qxd5 49. Kg2 f5 50. Qc6 Qb3 51. Qd6 fxg4 52. hxg4 Be8 53. Qf8 Qe6 54. Qf5+ Qxf5 55. gxf5 Rf7 56. Rc8 Bb5 57. Rb8 Rxf5 58. Rxb6 Rg5+ 59. Kh2 Rf5 60. Kg3 Rf3+ 61. Kg2 Rf5 62. Kg3 Rf3+ 63. Kg2 Rf5 64. Kg3 1/2-1/2

[Event "FICGS rapid A 000284 email"]
[Site "FICGS email"]
[Date "2022.07.10"]
[Round "1"]
[White "Hallqvist, Niklas"]
[Black "Faust, Dieter"]
[Result "1-0"]
[WhiteElo "2231"]
[BlackElo "1998"]
[PlyCount "105"]
[EventDate "2022.??.??"]
[EventType "tourn (rapid)"]
[EventRounds "6"]
[SourceTitle "Corr 2024"]
[Source "ChessBase"]
[SourceDate "2023.10.19"]
[SourceVersion "1"]
[SourceVersionDate "2023.10.19"]
[SourceQuality "1"]

1. Nf3 d5 2. g3 Nf6 3. Bg2 c6 4. 0-0 Bg4 5. h3 Bxf3 6. Bxf3 Nbd7 7. d4 e5 8. c4 dxc4 9. Nd2 exd4 10. Nxc4 Nb6 11. Qc2 Nxc4 12. Qxc4 Qd7 13. h4 Rd8 14. Rd1 Be7 15. Bf4 0-0 16. e3 Qe6 17. Rxd4 Qxc4 18. Rxc4 Bd6 19. Bg5 Be7 20. e4 Rfe8 21. Be3 a6 22. h5 Bf8 23. Kg2 Re6 24. Bf4 g6 25. h6 Nh5 26. Bg5 Be7 27. Bxe7 Rxe7 28. Bxh5 gxh5 29. Rh1 Re5 30. f4 Rd2+ 31. Kf3 Rb5 32. e5 Rbxb2 33. Rxh5 Kf8 34. Rc3 Rxa2 35. Rf5 Rf2+ 36. Kg4 Ke7 37. Rg5 Rh2 38. Rd3 Rad2 39. Rxd2 Rxd2 40. Rg7 c5 41. Rxh7 c4 42. f5 Rd4+ 43. Kg5 c3 44. e6 Rd8 45. Rxf7+ Kd6 46. Rd7+ Rxd7 47. exd7 Kxd7 48. h7 c2 49. h8Q c1Q+ 50. Kg6 Qc6+ 51. Kh7 Qh1+ 52. Kg7 Qd5 53. Qh7 1-0

[Event "FICGS rapid A 000284 email"]
[Site "FICGS email"]
[Date "2022.07.10"]
[Round "1"]
[White "Hallqvist, Niklas"]
[Black "Nimylovych, Taras"]
[Result "1/2-1/2"]
[WhiteElo "2231"]
[BlackElo "2051"]
[PlyCount "116"]
[EventDate "2022.??.??"]
[EventType "tourn (rapid)"]
[EventRounds "6"]
[SourceTitle "Corr 2024"]
[Source "ChessBase"]
[SourceDate "2023.10.19"]
[SourceVersion "1"]
[SourceVersionDate "2023.10.19"]
[SourceQuality "1"]

1. c4 e5 2. g3 Nf6 3. Bg2 c6 4. Nf3 e4 5. Nd4 Qb6 6. e3 d5 7. 0-0 Bg4 8. Qc2 Na6 9. cxd5 c5 10. h3 Nb4 11. Qb3 Bd7 12. Ne2 h5 13. Nbc3 0-0-0 14. a3 Nbxd5 15. Qc2 Qa6 16. b4 Qd3 17. Ra2 Be6 18. Rb2 Nxc3 19. Qxd3 Rxd3 20. Nxc3 cxb4 21. axb4 Rd8 22. Re1 Nd5 23. Nxe4 Nxb4 24. Ng5 Nd3 25. Bxb7+ Kc7 26. Nxe6+ fxe6 27. Be4 Nxe1 28. Rb7+ Kd6 29. d4 e5 30. d5 Kc5 31. Bd2 Nd3 32. Rc7+ Kb6 33. Rc6+ Kb7 34. d6 Bxd6 35. Ba5 Nxf2 36. Kxf2 Kb8 37. Bxd8 Rxd8 38. h4 a5 39. Rb6+ Ka7 40. Rb5 Bb4 41. Rxe5 a4 42. Rxh5 Rd2+ 43. Kf3 a3 44. Bd5 Bc3 45. Bc4 a2 46. Bxa2 Rxa2 47. Rc5 Bf6 48. Rb5 Ka6 49. Rf5 Kb6 50. h5 Rh2 51. e4 Bc3 52. e5 Kc6 53. Rg5 Kd5 54. Rxg7 Rxh5 55. Re7 Rxe5 56. Rd7+ Ke6 57. Rd8 Rf5+ 58. Kg4 Rf7 1/2-1/2

[Event "FICGS rapid A 000284 email"]
[Site "FICGS email"]
[Date "2022.07.10"]
[Round "1"]
[White "Terpstra, Wiep"]
[Black "Hallqvist, Niklas"]
[Result "0-1"]
[WhiteElo "1912"]
[BlackElo "2231"]
[PlyCount "70"]
[EventDate "2022.??.??"]
[EventType "tourn (rapid)"]
[EventRounds "6"]
[SourceTitle "Corr 2024"]
[Source "ChessBase"]
[SourceDate "2023.10.19"]
[SourceVersion "1"]
[SourceVersionDate "2023.10.19"]
[SourceQuality "1"]

1. d4 e6 2. Nf3 d5 3. Bf4 c5 4. e3 Nc6 5. c3 Be7 6. Nbd2 Nf6 7. Bd3 Nh5 8. Bg3 0-0 9. Ne5 g6 10. Qe2 a5 11. a4 cxd4 12. exd4 f6 13. Nxc6 bxc6 14. 0-0 Kg7 15. f4 Bd6 16. Qe3 Rb8 17. b3 Nxg3 18. hxg3 Qe7 19. Rab1 e5 20. c4 exd4 21. Qxe7+ Bxe7 22. cxd5 cxd5 23. Nf3 Bb4 24. Bb5 Bf5 25. Rbc1 d3 26. Rfd1 Rbc8 27. Rxc8 Rxc8 28. Bxd3 Be4 29. Bb5 Rc2 30. Kf1 h5 31. Bd3 Rb2 32. Bxe4 dxe4 33. Nd4 e3 34. Rd3 Rf2+ 35. Kg1 e2 0-1

[Event "FICGS rapid M 000131 email"]
[Site "FICGS email"]
[Date "2022.06.07"]
[Round "1"]
[White "Bovary, Charles"]
[Black "Hallqvist, Niklas"]
[Result "0-1"]
[WhiteElo "2117"]
[BlackElo "2187"]
[PlyCount "30"]
[EventDate "2022.??.??"]
[EventType "tourn (rapid)"]
[EventRounds "6"]
[SourceTitle "Corr 2024"]
[Source "ChessBase"]
[SourceDate "2023.10.19"]
[SourceVersion "1"]
[SourceVersionDate "2023.10.19"]
[SourceQuality "1"]

1. d4 e6 2. c4 b6 3. e4 Bb4+ 4. Bd2 Bxd2+ 5. Qxd2 d5 6. Bd3 Ba6 7. cxd5 Bxd3 8. Qxd3 exd5 9. e5 Ne7 10. Nc3 0-0 11. f4 f6 12. Nf3 fxe5 13. fxe5 Ng6 14. 0-0 Nc6 15. Ne2 a5 0-1

[Event "FICGS rapid M 000131 email"]
[Site "FICGS email"]
[Date "2022.06.07"]
[Round "1"]
[White "Hallqvist, Niklas"]
[Black "Ligon, Scott"]
[Result "1/2-1/2"]
[WhiteElo "2187"]
[BlackElo "2298"]
[PlyCount "102"]
[EventDate "2022.??.??"]
[EventType "tourn (rapid)"]
[EventRounds "6"]
[SourceTitle "Corr 2024"]
[Source "ChessBase"]
[SourceDate "2023.10.19"]
[SourceVersion "1"]
[SourceVersionDate "2023.10.19"]
[SourceQuality "1"]

1. d4 Nf6 2. c4 e6 3. g3 d5 4. Bg2 Bb4+ 5. Bd2 Be7 6. Qc2 c6 7. Nf3 0-0 8. 0-0 Nbd7 9. Bf4 b6 10. Rd1 Bb7 11. Ne5 Nh5 12. Bd2 Nhf6 13. cxd5 cxd5 14. Nc6 Bxc6 15. Qxc6 Rc8 16. Qb5 Ne8 17. e3 Nd6 18. Qe2 Rc2 19. Qd3 Rc6 20. Na3 Qb8 21. Rac1 Rfc8 22. Bf1 h5 23. Nb5 Nc4 24. Qe2 Nxd2 25. Rxc6 Rxc6 26. Qxd2 a6 27. Nc3 Bb4 28. Rc1 Qc8 29. a4 h4 30. gxh4 Nf6 31. Qe2 e5 32. dxe5 Ne4 33. f3 Bxc3 34. fxe4 Bxe5 35. Rxc6 Qxc6 36. exd5 Qxa4 37. Qxa6 Qxa6 38. Bxa6 Bxb2 39. d6 Kf8 40. Bb5 f5 41. h5 Kf7 42. Bc4+ Ke8 43. Be6 b5 44. Bxf5 Ba3 45. d7+ Ke7 46. Kf1 Bd6 47. h3 b4 48. Ke2 b3 49. Kd1 b2 50. Kc2 Be5 51. Kb1 Bf6 1/2-1/2

[Event "FICGS rapid M 000131 email"]
[Site "FICGS email"]
[Date "2022.06.07"]
[Round "1"]
[White "Swiatek, Janusz"]
[Black "Hallqvist, Niklas"]
[Result "1/2-1/2"]
[WhiteElo "2101"]
[BlackElo "2187"]
[PlyCount "79"]
[EventDate "2022.??.??"]
[EventType "tourn (rapid)"]
[EventRounds "6"]
[SourceTitle "Corr 2024"]
[Source "ChessBase"]
[SourceDate "2023.10.19"]
[SourceVersion "1"]
[SourceVersionDate "2023.10.19"]
[SourceQuality "1"]

1. d4 e6 2. e4 d5 3. Nc3 Bb4 4. e5 c5 5. a3 Bxc3+ 6. bxc3 Ne7 7. h4 Qc7 8. h5 h6 9. Nf3 Bd7 10. a4 Nbc6 11. Ba3 b6 12. Be2 0-0 13. 0-0 Na5 14. Bc1 f6 15. exf6 Rxf6 16. Ne5 Nac6 17. Ng4 Rf7 18. Ba3 e5 19. dxc5 Be6 20. Ne3 Rf4 21. Bf3 Rd8 22. cxb6 axb6 23. g3 Rf7 24. Bxe7 Qxe7 25. Bg2 Qc5 26. Rb1 d4 27. cxd4 Nxd4 28. Rb2 Qc8 29. c3 Nf3+ 30. Qxf3 Rxf3 31. Bxf3 Qxc3 32. Rxb6 Rf8 33. Be2 Bf7 34. Bg4 Be8 35. Rb8 Qa3 36. Be6+ Bf7 37. Bxf7+ Kxf7 38. Rxf8+ Kxf8 39. Re1 Qxa4 40. Ng2 1/2-1/2

[Event "FICGS rapid M 000129 email"]
[Site "FICGS email"]
[Date "2022.03.28"]
[Round "1"]
[White "Hallqvist, Niklas"]
[Black "Laduke, Matt"]
[Result "1/2-1/2"]
[WhiteElo "2179"]
[BlackElo "2186"]
[PlyCount "66"]
[EventDate "2022.??.??"]
[EventType "tourn (rapid)"]
[EventRounds "6"]
[SourceTitle "Corr 2024"]
[Source "ChessBase"]
[SourceDate "2023.10.19"]
[SourceVersion "1"]
[SourceVersionDate "2023.10.19"]
[SourceQuality "1"]

1. Nf3 Nf6 2. c4 e6 3. Nc3 d5 4. d4 Bb4 5. Bg5 h6 6. Bxf6 Qxf6 7. Qa4+ Nc6 8. e3 0-0 9. Be2 Bxc3+ 10. bxc3 Bd7 11. cxd5 exd5 12. 0-0 b6 13. Qd1 Rfd8 14. Rc1 Na5 15. h3 Bf5 16. Ne5 Rd6 17. Re1 Re8 18. Bf1 c5 19. Bb5 Rb8 20. Qf3 Be4 21. Qxf6 gxf6 22. Nd3 a6 23. Bxa6 c4 24. Nb4 b5 25. f3 Bf5 26. e4 dxe4 27. fxe4 Bd7 28. e5 Rdb6 29. d5 Ra8 30. e6 fxe6 31. dxe6 Be8 32. Re3 Nc6 33. Rg3+ Kh8 1/2-1/2

[Event "FICGS rapid M 000129 email"]
[Site "FICGS email"]
[Date "2022.03.28"]
[Round "1"]
[White "Wilson, Norman"]
[Black "Hallqvist, Niklas"]
[Result "0-1"]
[WhiteElo "2255"]
[BlackElo "2179"]
[PlyCount "68"]
[EventDate "2022.??.??"]
[EventType "tourn (rapid)"]
[EventRounds "6"]
[SourceTitle "Corr 2024"]
[Source "ChessBase"]
[SourceDate "2023.10.19"]
[SourceVersion "1"]
[SourceVersionDate "2023.10.19"]
[SourceQuality "1"]

1. d4 e6 2. c3 Nf6 3. Bf4 d5 4. e3 Bd6 5. Bxd6 Qxd6 6. Nf3 c5 7. Qa4+ Nc6 8. dxc5 Qxc5 9. Nbd2 0-0 10. Be2 Rd8 11. Qf4 Re8 12. Nb3 Qb6 13. Ne5 a5 14. Rb1 a4 15. Nc1 a3 16. Ncd3 Nxe5 17. Qxe5 Ne4 18. Bf3 Ra4 19. b4 Nd6 20. Rc1 Ra8 21. Nc5 Qd8 22. Be2 b6 23. Nb3 Ba6 24. Bxa6 Rxa6 25. 0-0 Nc4 26. Qh5 Ra7 27. Rfd1 Qa8 28. Rd4 e5 29. Rg4 Rc7 30. Qh6 g6 31. Rh4 f6 32. Rg4 Nd6 33. Nd2 Qc8 34. Qh4 Rxc3 0-1

[Event "FICGS W-ch st1 g01 email"]
[Site "FICGS email"]
[Date "2022.03.14"]
[Round "1"]
[White "Hallqvist, Niklas"]
[Black "Koudelka, Artur"]
[Result "1/2-1/2"]
[WhiteElo "2179"]
[BlackElo "1927"]
[PlyCount "148"]
[EventDate "2022.??.??"]
[EventType "tourn (corr)"]
[EventRounds "6"]
[SourceTitle "Corr 2024"]
[Source "ChessBase"]
[SourceDate "2023.10.19"]
[SourceVersion "1"]
[SourceVersionDate "2023.10.19"]
[SourceQuality "1"]

1. Nf3 Nf6 2. c4 c5 3. Nc3 Nc6 4. g3 d5 5. d4 e6 6. cxd5 exd5 7. Bg2 Be7 8. 0-0 0-0 9. dxc5 Bxc5 10. a3 Re8 11. b4 Bf8 12. e3 Bg4 13. h3 Bh5 14. Ne2 Bxf3 15. Bxf3 a5 16. b5 Ne5 17. Bg2 Rc8 18. Nf4 Nc4 19. Nxd5 Rc5 20. Nxf6+ Qxf6 21. Rb1 Rd8 22. Qe2 Qf5 23. e4 Qd7 24. Bf4 Nxa3 25. Rbd1 Qc8 26. b6 Re8 27. Rd3 Nc4 28. Bc7 Qe6 29. Rb1 a4 30. e5 a3 31. Rdd1 Na5 32. Ra1 Nc4 33. Rab1 Na5 34. Rb5 Qc4 35. Qxc4 Nxc4 36. Rb3 g6 37. Ra1 Rcxe5 38. Bxe5 Rxe5 39. Ra2 Bd6 40. h4 Kg7 41. Kh2 Ra5 42. Bxb7 Bc5 43. Kg2 Nxb6 44. Be4 Ra7 45. Bb1 Nd7 46. Rc2 Bf8 47. Ba2 Nc5 48. Rf3 Ne4 49. Rc4 Nd2 50. Ra4 Rxa4 51. Rxf7+ Kh6 52. Rxf8 Ne4 53. Rc8 Ra7 54. Kf3 Nd6 55. Rc5 Kg7 56. g4 Kf6 57. Rd5 Ke7 58. Kf4 Ra4+ 59. Kf3 Nf7 60. h5 Nh6 61. g5 Nf5 62. Re5+ Kd7 63. Rd5+ Kc6 64. Ke2 Rb4 65. hxg6 hxg6 66. Rd3 Rb2+ 67. Rd2 Nd4+ 68. Kd3 Rxd2+ 69. Kxd2 Nf3+ 70. Kc3 Nxg5 71. f4 Nh3 72. f5 gxf5 73. Be6 a2 74. Kb2 Kc5 1/2-1/2

[Event "FICGS W-ch st1 g01 email"]
[Site "FICGS email"]
[Date "2022.03.14"]
[Round "1"]
[White "Kehayov, Yulian"]
[Black "Hallqvist, Niklas"]
[Result "0-1"]
[WhiteElo "1624"]
[BlackElo "2179"]
[PlyCount "80"]
[EventDate "2022.??.??"]
[EventType "tourn (corr)"]
[EventRounds "6"]
[SourceTitle "Corr 2024"]
[Source "ChessBase"]
[SourceDate "2023.10.19"]
[SourceVersion "1"]
[SourceVersionDate "2023.10.19"]
[SourceQuality "1"]

1. e4 e6 2. Nc3 c5 3. Nf3 a6 4. Be2 b5 5. d4 cxd4 6. Qxd4 Nc6 7. Qe3 Qc7 8. 0-0 Be7 9. Qf4 d6 10. Qg3 Nf6 11. Qxg7 Rg8 12. Qh6 Bb7 13. a3 0-0-0 14. Qh3 Kb8 15. Rd1 h5 16. Bg5 Ng4 17. Bxe7 Nxe7 18. Qxh5 f5 19. Nd4 Rh8 20. Qf7 Rdf8 21. Qxf8+ Rxf8 22. Nxe6 Qc8 23. Nxf8 Nf6 24. Rxd6 Qxf8 25. Rad1 Qg7 26. f3 Ng6 27. g3 fxe4 28. fxe4 Qe7 29. Rd8+ Ka7 30. R8d4 Ne5 31. Nd5 Qe6 32. Nxf6 Qxf6 33. Rd6 Qf7 34. b3 Qc7 35. c4 Qc5+ 36. R1d4 bxc4 37. bxc4 Qxa3 38. Kf2 Qc5 39. Kf1 a5 40. Bd1 Bc6 0-1